| 000 -LEADER |
| fixed length control field |
00438pab a2200169 454500 |
| 008 - FIXED-LENGTH DATA ELEMENTS--GENERAL INFORMATION |
| fixed length control field |
180718b1998 xxu||||| |||| 00| 0 eng d |
| 100 ## - MAIN ENTRY--PERSONAL NAME |
| Personal name |
Prosterman, Roy |
| 245 ## - TITLE STATEMENT |
| Title |
Large-scale farming in China: an appropriate policy |
| 260 ## - PUBLICATION, DISTRIBUTION, ETC. |
| Date of publication, distribution, etc. |
1998 |
| 300 ## - PHYSICAL DESCRIPTION |
| Extent |
p.74-102 |
| 650 ## - SUBJECT ADDED ENTRY--TOPICAL TERM |
| Topical term or geographic name entry element |
Agriculture - China |
| 650 ## - SUBJECT ADDED ENTRY--TOPICAL TERM |
| Topical term or geographic name entry element |
Agriculture |
| 700 ## - ADDED ENTRY--PERSONAL NAME |
| Personal name |
Li Ping |
| 700 ## - ADDED ENTRY--PERSONAL NAME |
| Personal name |
Hanstand, Tim |
| 773 ## - HOST ITEM ENTRY |
| Main entry heading |
Journal of Contemporary Asia |
| 909 ## - |
| -- |
38697 |